Statistics for Football players who have played for Chelsea and Bayern Munich

Click here to take the quiz!

General Stats

  • This quiz has been taken 446 times
  • The average score is 2 of 6

Answer Stats

Years at ChelseaYears at BayernPlayer% Correct
2004-20072009-2019Arjen Robben
89%
2006-20102002-2006Michael Ballack
74%
2007-20092001-2007,2012-2015Claudio Pizarro
40%
1995-19981987-1988 (loan)Mark Hughes
13%
19981990-1992Brian Laudrup
6%
1989-19971988-1989Erland Johnsen
5%

Score Distribution

Percentile by Number Answered

Percent of People with Each Score

Your Score History

You have not taken this quiz